Tratamiento práctico de fracturas

Saved in:
Bibliografiske detaljer
Main Authors: McRae, Ronald (autor), Esser, Max (Author)
Format: Bog
Sprog:spansk
Udgivet: Madrid Elsevier España 2003
Udgivelse:1a. ed
Fag:
Tags: Tilføj Tag
Ingen Tags, Vær først til at tagge denne postø!

MARC

LEADER 00000nam a2200000 a 4500
001 UCJ0985
003 CL-VaPUC
008 060929e20030000SP |||||||||||||||||spa|d
020 |a 8481746886 
082 0 4 |a 617.15  |b MCR  |2 21 
100 |a McRae, Ronald  |e autor  |9 501498 
700 0 |a Esser, Max  |e author  |9 501499 
245 1 0 |a Tratamiento práctico de fracturas 
250 |a 1a. ed 
300 |a 432 p 
942 |c BK 
945 |d 20060929 00:00:00  |a cmena 
260 |a Madrid  |b Elsevier España  |c 2003 
650 7 |a FRACTURAS  |2 CL-VaPUC  |9 381294 
650 7 |a TERAPIA FISICA  |2 CL-VaPUC  |9 334239 
650 0 |a Traumatología  |9 324124 
650 0 |a Huesos  |9 269551 
650 0 |a Rehabilitación  |9 307382 
583 |a last modification  |c 20140409 04:23:33  |k Rodrigo Vera 
999 |c 317718  |d 317716 
952 |0 0  |1 0  |4 0  |6 617_150000000000000_MCR_2003  |7 0  |8 A  |9 394599  |a BIBCUR  |b BIBCUR  |d 2019-11-22  |i 4208706  |o 617.15 MCR 2003  |p 4208706  |r 2025-04-22  |w 2019-11-22  |y BK  |k KIN